000 00458nam a2200193Ia 4500
003 OSt
005 20240503101106.0
008 230312s9999||||xx |||||||||||||| ||und||
020 _a0-7355-0031-2
040 _bEng
082 _a346.73066
_bSOL
100 _aSoloman, Lewis D
245 0 _aCorporations
260 _bASPEN Law & Business
_aNew York
_c1999
300 _a667
546 _aEng.
650 _aEconomics
_vtheory of the firm
942 _cBK
_2ddc
999 _c3519
_d3519